000 01047nam a22003137a 4500
003 CHAP
005 20220817042802.0
008 971013s1971 r 00010 d
010 _a55529
011 _a56501
035 _a60654
040 _cCHAP
090 _aFolleto 3741
100 0 0 _aYoussef, Nabil N.
_9123259
245 _aTopography of the cephalic musculature and nervous systemm of the honey Apis mellifera linnaeus
260 _aWashington :
_bSmithsonian Institution,
_c1971
300 _a54 p.
_b: ilus.
490 _aSmithsonian contributions to zoology
_v; 99
590 _aBATCH-UPD
_b10
_c20130110
_lUCH01
_h0731
590 _aBATCH-UPD
_b10
_c20130410
_lUCH01
_h0414
590 _aBATCH-UPD
_b10
_c20130913
_lUCH01
_h1831
590 _aCONVERSION
_b10
_c20130109
_lUCH01
_h1330
650 1 4 _aAbejas
_xAnatomĂ­a y fisiologĂ­a.
_9184
650 1 4 _aApis mellifera.
830 0 _aSmithsonian contributions to zoology
_v; 99
_9107173
901 _aBK
942 _cFOLL
949 _aFolleto 3741
_bBC
_cFOLL
_d-130612
_eTS1
_i60654
_mD
_si
999 _c55529
_d55529